000 00858nac a22002531i 4500
003 EG-ScBUE
005 20221220105814.0
008 221220t1983 nyua f b 001 0 eng d
020 _a0442218052 (pbk.)
040 _aEG-ScBUE
_beng
_erda
_cEG-ScBUE
_dEG-ScBUE
082 0 4 _a729
_bDIK
_222
100 1 _aDike, Rad,
_eauthor.
245 1 0 _aArchitectural common sense :
_bsun, site, and self /
_cRad Dike.
264 1 _aNew York :
_bVan Nostrand Reinhold,
_c[1983]
264 4 _cc1983
300 _a173, [8] pages :
_billustrations ;
_c29 cm
504 _aIncludes bibliographical references and index.
650 7 _aArchitectural design.
_2BUEsh
650 7 _aArchitecture
_xComposition, proportion, etc.
_2BUEsh
650 7 _aArchitecture
_xEnvironmental aspects.
_2BUEsh
653 _bENGARC
655 _vReading book
942 _cBB
_2ddc
999 _c7365
_d7365